Climatología en el hemisferio norte.

Guardado en:
Formato: Deslizar
Materias:
Etiquetas: Agregar Etiqueta
Sin Etiquetas, Sea el primero en etiquetar este registro!
LEADER 01018ngm a22002895g 4500
001 CEM.cems021689
008 130507b1992##################0###0#####d
005 20240904140431.0
245 0 0 |a Climatología en el hemisferio norte. 
300 |a 23 
500 |a En soporte VHS, consultar en ventanilla. 
505 0 |a Cartas meteorológicas. Presión atmosférica. Isobaras. Clima. Ciclo de la lluvia. Variaciones térmicas. Frentes cálidos y fríos. Fenómenos climatológicos en general: vientos, lluvias, etc. 
538 |a Soporte: VHS - Norma: Pal N - Color - Grabación DRD 1992 - Hitachi=2783 
082 9 1 |/ SED 
653 |a CLIMATOLOGIA 
653 |a GEOGRAFIA 
653 |a FISICA 
653 |a CLIMA 
653 |a HEMISFERIO NORTE 
653 |a CARTAS METEOROLOGICAS 
653 |a PRESION ATMOSFERICA 
653 |a ISOBARAS 
653 |a TEMPERATURAS 
653 |a VIENTOS 
653 |a LLUVIAS 
653 |a NIVEL SECUNDARIO 
859 |a CEMS  |b BIB. CEMS - Depto. Recursos Didacticos  |h 910  |i SED  |k DRD  |p 332.12  |t Ej.1